000 01486cam a2200349 a 4500
001 15690730
003 OSt
005 20160224170530.0
008 090407s2009 nyua 001 0 eng
010 _a 2009014584
020 _a9780061726842 (pbk.)
020 _a0061726842 (pbk.)
035 _a(OCoLC)ocn310399090
040 _aSEKU
042 _alcac
050 0 0 _aCT 107
_b.I25 2009
245 0 0 _aI can't keep my own secrets :
_bsix-word memoirs by teens famous + obscure : from Smith magazine /
_cedited by Rachel Fershleiser and Larry Smith.
250 _a1st ed.
260 _aNew York :
_bHarperTeen,
_cc2009.
300 _a184 p. :
_bill. ;
_c19 cm.
500 _aA book with over 600 authors (all aged thirteen to nineteen) and 600 characters (all real, as far as we know) and 600 stories (which can be read in any order). What every story has in common is that each was written about the author's own life, and that each is the exact same length: six words.
500 _aIncludes index.
520 _aCollects memoirs from hundreds of teenagers composed of six words, ranging from the humorous to inspiring and dramatic, and includes six-word autobiographies from popular teenage celebrities.
650 0 _aAutobiographies.
650 0 _aTeenagers' writings.
650 0 _aTeenagers
_vQuotations.
650 1 _aYouths' writings.
700 1 _aFershleiser, Rachel.
700 1 _aSmith, Larry,
_d1968-
730 0 _aSmith magazine.
942 _2lcc
_cGEN
999 _c11474
_d11474